Quiz sur Beauvais - Statistiques

Statistiques générales
  • Ce quiz a été pris 152 fois
  • Le résultat moyen est 8 sur 15
Statistiques - réponses
Hint Réponse % Correct
Numéro du département 60
98%
Nom de la Région depuis 2015 Hauts-de-France
94%
Nom de l'ancienne région Picardie
91%
Ville de l'aéroport Paris-Beauvais Tillé
79%
Sous-Préfectures Senlis - Compiègne - Clermont
61%
Usine importantes d'assemblages de tracteurs Massey Ferguson
57%
Diminutif du Club de Football ASBO
56%
Affluent de l'Oise qui traverse la ville Le Thérain
51%
Nom de la Maire devenu Ministre des Collectivités Territorriales (2001-2022) Caroline Cayeux
48%
Nom d'un symbole de l'aviation française dont un parc porte son nom Marcel Dassaut
39%
Symbole historique Jeanne Hachette
38%
De 1569 à 1573, elle fut la plus haute construction humaine du monde Cathédrale Saint-Pierre
35%
Animal Symbole de la ville Salamandre
30%
Cycliste considéré comme un des meilleurs sprinters français actuel Arnaud Démare
21%
Grand Couturier né à Beauvais Hubert de Givenchy
18%
Aucun quiz correspondant
Distribution des résultats
% des personnes avec chaque résultat
Percentile par nombre de réponses
Votre historique - résultats
Vous n’avez pas pris ce quiz